[Event "ROM-ch U20"]
[Site "Calimanesti Caciulata"]
[Date "2019.04.19"]
[Round "7"]
[White "Sandu, Marian Catalin"]
[Black "Miloi, Pavel Dan"]
[Result "1-0"]
[WhiteElo "2103"]
[BlackElo "2062"]
[PlyCount "109"]
[EventDate "2019.04.15"]
[EventType "tourn"]
[EventRounds "10"]
[EventCountry "ROU"]
[SourceTitle "CBM 190 Extra"]
[Source "ChessBase"]
[SourceDate "2019.07.15"]
[SourceVersion "1"]
[SourceVersionDate "2019.07.15"]
[SourceQuality "1"]

1. d4 Nf6 2. c4 e6 3. Nf3 b6 4. g3 Bb7 5. Bg2 Bb4+ 6. Nbd2 0-0 7. 0-0 d5 8. a3 Bxd2 9. Nxd2 Nbd7 10. b4 c5 11. Bb2 Qe7 12. cxd5 exd5 13. dxc5 bxc5 14. Nb3 Rac8 15. bxc5 Nxc5 16. Nxc5 Rxc5 17. a4 Rfc8 18. Ba3 Ne4 19. Bxc5 Rxc5 20. Bxe4 dxe4 21. Rc1 Rh5 22. e3 g6 23. Qg4 Ba6 24. Rfd1 Bd3 25. Rc3 Kg7 26. Rdc1 Rf5 27. Qd1 Qf6 28. f4 Qb6 29. Qd2 Rf6 30. Rc5 h5 31. a5 Qb3 32. Qc3 Qxc3 33. R1xc3 Rd6 34. Kf2 a6 35. Ke1 Rd8 36. Rb3 Rd7 37. Rb8 Kf6 38. h3 Kg7 39. g4 hxg4 40. hxg4 f6 41. Rbc8 Bb5 42. R8c7 Kf7 43. Rxd7+ Bxd7 44. g5 fxg5 45. Rxg5 Bf5 46. Rg2 Ke7 47. Rd2 Bd7 48. Kd1 Bb5 49. Rd4 Bc6 50. Kd2 Ke6 51. Kc3 Kf5 52. Rd6 Bb7 53. Kd4 g5 54. fxg5 Kxg5 55. Re6 1-0

[Event "ROM-ch U20"]
[Site "Calimanesti Caciulata"]
[Date "2019.04.18"]
[Round "5"]
[White "Sandu, Marian Catalin"]
[Black "Albu, George"]
[Result "1/2-1/2"]
[WhiteElo "2103"]
[BlackElo "2019"]
[PlyCount "115"]
[EventDate "2019.04.15"]
[EventType "tourn"]
[EventRounds "10"]
[EventCountry "ROU"]
[SourceTitle "CBM 190 Extra"]
[Source "ChessBase"]
[SourceDate "2019.07.15"]
[SourceVersion "1"]
[SourceVersionDate "2019.07.15"]
[SourceQuality "1"]

1. d4 Nf6 2. c4 g6 3. Nc3 Bg7 4. e4 d6 5. f3 0-0 6. Be3 a6 7. Qd2 c6 8. a4 a5 9. Nh3 Na6 10. Nf2 Nb4 11. Be2 e5 12. 0-0 Qe7 13. Rfd1 Nh5 14. dxe5 dxe5 15. Rac1 Re8 16. g4 Nf6 17. Qd6 Qxd6 18. Rxd6 Be6 19. Rd2 Bf8 20. b3 Nd7 21. Nd3 Nxd3 22. Bxd3 Bc5 23. Kf2 f6 24. Na2 Kf7 25. Bc2 Bxe3+ 26. Kxe3 Nc5 27. Rcd1 Ke7 28. Nc1 h5 29. gxh5 g5 30. Ne2 Rh8 31. Ng3 Ra6 32. Rb1 Rb6 33. Rdd1 Bh3 34. Kd2 Ne6 35. Kc3 Rh7 36. Bd3 Nf4 37. c5 Rb4 38. Bc4 Be6 39. Bxe6 Nxe6 40. Nf5+ Ke8 41. Nd6+ Ke7 42. Nf5+ Ke8 43. Rd6 Nxc5 44. Rxf6 g4 45. Ng3 gxf3 46. Rxf3 Ke7 47. Kc2 Nxe4 48. Nf5+ Ke6 49. h6 Ng5 50. Ng7+ Kd5 51. Rd3+ Rd4 52. Nf5 Rxd3 53. Kxd3 Nf7 54. b4 e4+ 55. Kc3 axb4+ 56. Rxb4 Nxh6 57. Rd4+ Kc5 58. Ng3 1/2-1/2

[Event "ROM-ch U20"]
[Site "Calimanesti Caciulata"]
[Date "2019.04.17"]
[Round "3"]
[White "Sandu, Marian Catalin"]
[Black "Vasiesiu, Victor"]
[Result "0-1"]
[WhiteElo "2103"]
[BlackElo "2241"]
[PlyCount "56"]
[EventDate "2019.04.15"]
[EventType "tourn"]
[EventRounds "10"]
[EventCountry "ROU"]
[SourceTitle "CBM 190 Extra"]
[Source "ChessBase"]
[SourceDate "2019.07.15"]
[SourceVersion "1"]
[SourceVersionDate "2019.07.15"]
[SourceQuality "1"]

1. e4 c5 2. Nc3 Nc6 3. g3 g6 4. Bg2 Bg7 5. Nge2 d6 6. d3 e6 7. 0-0 Nge7 8. Be3 Nd4 9. Qd2 0-0 10. Rae1 Rb8 11. Nd1 b5 12. c3 Nxe2+ 13. Rxe2 b4 14. f4 Ba6 15. g4 f5 16. gxf5 exf5 17. c4 fxe4 18. Bxe4 Nf5 19. b3 Bb7 20. Rg2 Qe7 21. Bxb7 Qxb7 22. Bf2 Rbe8 23. Bg3 Bd4+ 24. Kh1 Re7 25. Re1 Qf3 26. Reg1 Rfe8 27. Nf2 Re2 28. Qd1 Ne3 0-1

[Event "ROM-ch U18"]
[Site "Calimanesti"]
[Date "2018.03.31"]
[Round "6"]
[White "Sandu, Marian Catalin"]
[Black "David, Cristian"]
[Result "1-0"]
[WhiteElo "2175"]
[BlackElo "1879"]
[PlyCount "92"]
[EventDate "2018.03.27"]
[EventType "swiss"]
[EventRounds "9"]
[EventCountry "ROU"]
[SourceTitle "CBM 183 Extra"]
[Source "ChessBase"]
[SourceDate "2018.04.19"]
[SourceVersion "1"]
[SourceVersionDate "2018.04.19"]
[SourceQuality "1"]

1. d4 d6 2. e4 Nf6 3. Nc3 g6 4. Nf3 Bg7 5. Bc4 0-0 6. 0-0 a6 7. a4 Bg4 8. h3 Bxf3 9. Qxf3 Nbd7 10. Be3 c6 11. a5 Qc7 12. Qe2 e6 13. f3 Nh5 14. Rfd1 d5 15. Bb3 f5 16. Qd2 Qg3 17. Ne2 Qd6 18. e5 Qc7 19. g4 f4 20. Bf2 Ng3 21. Bxg3 fxg3 22. Kg2 c5 23. c3 c4 24. Bc2 Rf7 25. Nxg3 Raf8 26. Rf1 Nb8 27. h4 Qd8 28. h5 g5 29. h6 Bxh6 30. Rh1 Kg7 31. Nh5+ Kh8 32. Nf6 Rxf6 33. exf6 Qxf6 34. Qe2 Nc6 35. Rh3 Kg8 36. Rah1 Bg7 37. Bxh7+ Kf7 38. Bc2 Ke8 39. Re1 Kd7 40. Ba4 Kd6 41. Rh7 Rf7 42. Bxc6 bxc6 43. Qe5+ Qxe5 44. Rxe5 c5 45. Rxg5 cxd4 46. Rgxg7 d3 1-0

[Event "ROM-ch U18"]
[Site "Calimanesti"]
[Date "2018.03.27"]
[Round "1"]
[White "Chioran, Andrei Ovidiu"]
[Black "Sandu, Marian Catalin"]
[Result "0-1"]
[WhiteElo "1857"]
[BlackElo "2175"]
[PlyCount "104"]
[EventDate "2018.03.27"]
[EventType "swiss"]
[EventRounds "9"]
[EventCountry "ROU"]
[SourceTitle "CBM 183 Extra"]
[Source "ChessBase"]
[SourceDate "2018.04.19"]
[SourceVersion "1"]
[SourceVersionDate "2018.04.19"]
[SourceQuality "1"]

1. e4 d6 2. d4 g6 3. Nc3 Nf6 4. Nf3 Bg7 5. Bc4 0-0 6. Bb3 c5 7. dxc5 dxc5 8. Qxd8 Rxd8 9. Be3 b6 10. e5 Ng4 11. Bd5 Nxe3 12. fxe3 Rxd5 13. Nxd5 Nc6 14. 0-0-0 Bf5 15. h3 Re8 16. e6 fxe6 17. Nc3 e5 18. e4 Bc8 19. Kb1 Nd4 20. Nxd4 exd4 21. Nb5 Be5 22. c3 Rd8 23. cxd4 cxd4 24. Nxa7 Bb7 25. Rhe1 Bg3 26. Re2 d3 27. Re3 Bf4 28. Rexd3 Bxe4 29. Kc2 Be5 30. Nb5 Rxd3 31. Rxd3 Bxb2 32. Nc7 Kf7 33. Kd2 Bxd3 34. Kxd3 Ba3 35. Kc4 e6 36. Kb5 Bc5 37. a4 Bg1 38. Na8 e5 39. Nxb6 Bxb6 40. Kxb6 e4 41. a5 e3 42. a6 e2 43. a7 e1Q 44. a8Q Qb4+ 45. Kc7 Qc5+ 46. Qc6 Qxc6+ 47. Kxc6 Ke6 48. g3 Ke5 49. g4 Kf4 50. Kd5 Kg3 51. Ke4 Kxh3 52. Kf4 Kh4 0-1

[Event "ROM-ch U18"]
[Site "Baile Felix"]
[Date "2017.02.04"]
[Round "3"]
[White "Sandu, Marian Catalin"]
[Black "Tiron, Calin Andrei"]
[Result "0-1"]
[WhiteElo "2032"]
[BlackElo "2126"]
[PlyCount "126"]
[EventDate "2017.02.02"]
[EventType "swiss"]
[EventRounds "9"]
[EventCountry "ROU"]
[SourceTitle "CBM 176 Extra"]
[Source "ChessBase"]
[SourceDate "2017.03.02"]
[SourceVersion "1"]
[SourceVersionDate "2017.03.02"]
[SourceQuality "1"]

1. Nf3 Nf6 2. g3 b5 3. Bg2 Bb7 4. 0-0 e6 5. b3 c5 6. c4 a6 7. Bb2 Be7 8. e3 0-0 9. d4 cxd4 10. exd4 d6 11. Na3 Qb6 12. Qe2 Nbd7 13. Rfd1 Rab8 14. Rac1 Rfc8 15. Bh3 bxc4 16. Nxc4 Qd8 17. Ba3 Nf8 18. Ng5 Bd5 19. Ne3 Qa5 20. Rxc8 Rxc8 21. Bc1 Qb5 22. Bf1 Qxe2 23. Bxe2 h6 24. Nh3 Bb7 25. Ba3 Nd5 26. Bf3 Nxe3 27. Bxb7 Nxd1 28. Bxc8 a5 29. Nf4 Nc3 30. Ba6 g5 31. Nd3 Ne2+ 32. Kf1 Nxd4 33. Bb2 Nc6 34. Bc3 d5 35. Bb5 Nb4 36. Nc1 f6 37. a3 Nc2 38. Bd3 Nxa3 39. Bxa5 Nd7 40. Be2 Nc2 41. Na2 Nd4 42. Bd1 Nc6 43. Be1 Kf8 44. b4 Nb6 45. Ke2 Ke8 46. Kd3 Kd7 47. Kc3 Na7 48. Be2 Kc6 49. Kb3 Nb5 50. Bd1 Nd4+ 51. Kc3 e5 52. f3 Nb5+ 53. Kb3 f5 54. Bf2 e4 55. Be2 Bf6 56. fxe4 fxe4 57. Bf1 d4 58. Bg2 Kd5 59. Nc1 Ke5 60. Bf1 Nc3 61. Na2 Nxa2 62. Kxa2 e3 63. Be1 Ke4 0-1

[Event "ROM-ch U18"]
[Site "Baile Felix"]
[Date "2017.02.03"]
[Round "2"]
[White "Mirea, Rares Mihai"]
[Black "Sandu, Marian Catalin"]
[Result "0-1"]
[WhiteElo "1169"]
[BlackElo "2032"]
[PlyCount "66"]
[EventDate "2017.02.02"]
[EventType "swiss"]
[EventRounds "9"]
[EventCountry "ROU"]
[SourceTitle "CBM 176 Extra"]
[Source "ChessBase"]
[SourceDate "2017.03.02"]
[SourceVersion "1"]
[SourceVersionDate "2017.03.02"]
[SourceQuality "1"]

1. e4 e6 2. d4 d5 3. e5 c5 4. c3 Nc6 5. Nf3 Qb6 6. g3 Nh6 7. Bg2 cxd4 8. cxd4 Nf5 9. 0-0 Ncxd4 10. Nxd4 Qxd4 11. Qxd4 Nxd4 12. a3 Bd7 13. Nc3 Be7 14. Be3 Nc2 15. Rad1 Nxe3 16. fxe3 Bc5 17. Rfe1 0-0 18. Nxd5 Ba4 19. Rc1 Rac8 20. Nc3 b5 21. Kh1 Rfd8 22. Nxa4 bxa4 23. h3 Bb6 24. Rxc8 Rxc8 25. e4 Bd4 26. Bf1 Bxe5 27. Ba6 Rb8 28. Rc1 Bxb2 29. Rc8+ Rxc8 30. Bxc8 Bxa3 31. Bd7 Bd6 32. Bxa4 Bxg3 33. Kg2 Bc7 0-1

[Event "ROM-ch U16"]
[Site "Calimanesti Caciulata"]
[Date "2016.04.22"]
[Round "6"]
[White "Chioran, Andrei Ovidiu"]
[Black "Sandu, Marian Catalin"]
[Result "0-1"]
[WhiteElo "1854"]
[BlackElo "2033"]
[PlyCount "102"]
[EventDate "2016.04.18"]
[EventType "swiss"]
[EventRounds "9"]
[EventCountry "ROU"]
[SourceTitle "CBM 172 Extra"]
[Source "ChessBase"]
[SourceDate "2016.06.21"]
[SourceVersion "1"]
[SourceVersionDate "2016.06.21"]
[SourceQuality "1"]

1. e4 d6 2. d4 g6 3. Nc3 Bg7 4. Be3 Nf6 5. f3 0-0 6. Qd2 e5 7. d5 Nbd7 8. 0-0-0 a6 9. g4 h5 10. gxh5 Nxh5 11. Nge2 f5 12. Bh6 f4 13. Bxg7 Kxg7 14. Bh3 b5 15. a3 Nb6 16. Bxc8 Nc4 17. Qe1 Rxc8 18. Kb1 Ne3 19. Rc1 c5 20. Nd1 Nc4 21. Nf2 Qd7 22. Qg1 Nd2+ 23. Ka1 Nxf3 24. Qg2 Nd4 25. Nxd4 cxd4 26. Rhg1 Qe8 27. Qg5 Nf6 28. Rg2 Rh8 29. Rcg1 Rh6 30. Kb1 Qf7 31. Ng4 Nxg4 32. Qxg4 Rg8 33. h4 Rh7 34. Kc1 Rf8 35. Qh3 Qe7 36. Rg5 f3 37. Qg3 f2 38. Rf1 Qf6 39. Kb1 Qf3 40. Qg4 Qxg4 41. Rxg4 Rh6 42. Kc1 Rfh8 43. Rxf2 Rxh4 44. Rfg2 Rxg4 45. Rxg4 Rf8 46. Rg2 Rf4 47. Re2 g5 48. Kd2 g4 49. c3 dxc3+ 50. bxc3 Kf6 51. Kd3 Kg5 0-1

[Event "ROM-ch U16"]
[Site "Calimanesti Caciulata"]
[Date "2016.04.18"]
[Round "1"]
[White "Mortu, Adrian"]
[Black "Sandu, Marian Catalin"]
[Result "0-1"]
[WhiteElo "1704"]
[BlackElo "2033"]
[PlyCount "37"]
[EventDate "2016.04.18"]
[EventType "swiss"]
[EventRounds "9"]
[EventCountry "ROU"]
[SourceTitle "CBM 172 Extra"]
[Source "ChessBase"]
[SourceDate "2016.06.21"]
[SourceVersion "1"]
[SourceVersionDate "2016.06.21"]
[SourceQuality "1"]

1. e4 d6 2. d4 Nf6 3. Nc3 g6 4. Nge2 Bg7 5. g3 0-0 6. Bg2 e5 7. 0-0 Nbd7 8. Bg5 h6 9. Be3 Ng4 10. Qd2 Ndf6 11. b3 Qe7 12. Rad1 Be6 13. f4 Nxe3 14. Qxe3 Bg4 15. Bf3 Bxf3 16. Rxf3 exd4 17. Nxd4 Rfe8 18. Kh1 Nxe4 19. Re1 0-1

[Event "ROM-ch U14"]
[Site "Calimanesti"]
[Date "2014.04.13"]
[Round "9"]
[White "Popa, Gabriel"]
[Black "Sandu, Marian Catalin"]
[Result "1/2-1/2"]
[WhiteElo "1742"]
[BlackElo "1854"]
[PlyCount "63"]
[EventDate "2014.04.06"]
[EventType "swiss"]
[EventRounds "9"]
[EventCountry "ROU"]
[SourceTitle "CBM 160 Extra"]
[Source "ChessBase"]
[SourceDate "2014.07.01"]
[SourceVersion "1"]
[SourceVersionDate "2014.07.01"]
[SourceQuality "1"]

1. e4 g6 2. d4 d6 3. f4 Bg7 4. Nf3 Nf6 5. Nc3 0-0 6. Be2 c5 7. dxc5 dxc5 8. Qxd8 Rxd8 9. e5 Nd5 10. Nxd5 Rxd5 11. Bc4 Rd8 12. Be3 b6 13. Ng5 e6 14. Kf2 Bb7 15. Rhd1 Nc6 16. c3 h6 17. Nf3 Ne7 18. g4 Nd5 19. h4 Kf8 20. a3 Rac8 21. Rac1 Ke7 22. g5 hxg5 23. hxg5 Nxe3 24. Kxe3 Bc6 25. Bb3 Rxd1 26. Rxd1 Rd8 27. Rxd8 Kxd8 28. c4 Bf8 29. Nd2 a6 30. a4 Kc7 31. Bc2 Be7 32. b3 1/2-1/2

[Event "ROM-ch U14"]
[Site "Calimanesti"]
[Date "2014.04.11"]
[Round "7"]
[White "Sandu, Marian Catalin"]
[Black "Hriscu, Alexandru Gabriel"]
[Result "1-0"]
[WhiteElo "1854"]
[BlackElo "1581"]
[PlyCount "59"]
[EventDate "2014.04.06"]
[EventType "swiss"]
[EventRounds "9"]
[EventCountry "ROU"]
[SourceTitle "CBM 160 Extra"]
[Source "ChessBase"]
[SourceDate "2014.07.01"]
[SourceVersion "1"]
[SourceVersionDate "2014.07.01"]
[SourceQuality "1"]

1. d4 Nf6 2. c4 g6 3. Nc3 Bg7 4. e4 d6 5. f3 0-0 6. Be3 Nbd7 7. Bd3 c5 8. d5 Ne5 9. Nge2 e6 10. 0-0 exd5 11. exd5 a6 12. Ng3 Rb8 13. Be2 Re8 14. Qd2 Nfd7 15. f4 Nxc4 16. Bxc4 Rxe3 17. Nce4 f5 18. Ng5 Re8 19. Rfe1 Nf8 20. Rxe8 Qxe8 21. Re1 Qd8 22. Ne6 Nxe6 23. dxe6 Bxe6 24. Rxe6 Bd4+ 25. Kh1 d5 26. Bb3 Qd7 27. Re1 Re8 28. Ne2 Re4 29. Nxd4 Rxd4 30. Qe2 1-0

[Event "ROM-ch U14"]
[Site "Calimanesti"]
[Date "2014.04.09"]
[Round "4"]
[White "Botocan, Cristian Alexandru"]
[Black "Sandu, Marian Catalin"]
[Result "0-1"]
[WhiteElo "1528"]
[BlackElo "1854"]
[PlyCount "82"]
[EventDate "2014.04.06"]
[EventType "swiss"]
[EventRounds "9"]
[EventCountry "ROU"]
[SourceTitle "CBM 160 Extra"]
[Source "ChessBase"]
[SourceDate "2014.07.01"]
[SourceVersion "1"]
[SourceVersionDate "2014.07.01"]
[SourceQuality "1"]

1. f4 d5 2. Nf3 Nf6 3. e3 c5 4. b3 g6 5. Bb2 Bg7 6. Bb5+ Bd7 7. Bxd7+ Nbxd7 8. d3 0-0 9. Nbd2 Re8 10. Qe2 Qb6 11. 0-0 Rac8 12. c4 e6 13. Ne5 Nxe5 14. Bxe5 Nd7 15. Bxg7 Kxg7 16. e4 Rcd8 17. Rad1 Qc7 18. e5 f6 19. Nf3 d4 20. Rfe1 f5 21. Qf2 a6 22. Qc2 Rb8 23. Rb1 b5 24. Nd2 Kf7 25. a4 bxa4 26. bxa4 a5 27. Kf2 Rb4 28. Rxb4 axb4 29. Ra1 Ra8 30. Nb3 Qc6 31. Qa2 g5 32. g3 gxf4 33. gxf4 Rg8 34. Rg1 Rg4 35. Rxg4 fxg4 36. Nd2 Qh1 37. Kg3 Qg1+ 38. Kh4 Qxh2+ 39. Kxg4 Qg2+ 40. Kh4 Kg6 41. Qb1 h5 0-1

[Event "ROM-ch U14"]
[Site "Calimanesti"]
[Date "2014.04.08"]
[Round "3"]
[White "Sandu, Marian Catalin"]
[Black "Banzea, Alexandru Bogdan"]
[Result "0-1"]
[WhiteElo "1854"]
[BlackElo "2013"]
[PlyCount "80"]
[EventDate "2014.04.06"]
[EventType "swiss"]
[EventRounds "9"]
[EventCountry "ROU"]
[SourceTitle "CBM 160 Extra"]
[Source "ChessBase"]
[SourceDate "2014.07.01"]
[SourceVersion "1"]
[SourceVersionDate "2014.07.01"]
[SourceQuality "1"]

1. d4 d5 2. c4 e6 3. Nc3 c5 4. e3 Nf6 5. Nf3 a6 6. cxd5 exd5 7. dxc5 Bxc5 8. Bd3 0-0 9. 0-0 Nc6 10. h3 Re8 11. b3 Qd6 12. a3 Bd7 13. Bb2 Rad8 14. b4 Ba7 15. Ne2 Bb8 16. Nf4 d4 17. Nxd4 g5 18. b5 Nxd4 19. exd4 Qxf4 20. g3 Qd6 21. Qd2 h6 22. h4 Bh3 23. hxg5 Qd5 24. f3 Qxg5 25. Qxg5+ hxg5 26. Rfd1 Bxg3 27. bxa6 bxa6 28. Bxa6 Nd5 29. Bb5 Re3 30. a4 Rxf3 31. a5 Rb3 32. Rd3 Rxb5 33. Rxg3 Rxb2 34. Rxh3 Nf4 35. Re3 Rxd4 36. Re8+ Kg7 37. a6 Rdd2 38. a7 Rg2+ 39. Kf1 Rbf2+ 40. Ke1 Nd3+ 0-1

[Event "ROM-ch U14"]
[Site "Calimanesti"]
[Date "2014.04.07"]
[Round "2"]
[White "Mortu, Adrian"]
[Black "Sandu, Marian Catalin"]
[Result "0-1"]
[WhiteElo "1499"]
[BlackElo "1854"]
[PlyCount "78"]
[EventDate "2014.04.06"]
[EventType "swiss"]
[EventRounds "9"]
[EventCountry "ROU"]
[SourceTitle "CBM 160 Extra"]
[Source "ChessBase"]
[SourceDate "2014.07.01"]
[SourceVersion "1"]
[SourceVersionDate "2014.07.01"]
[SourceQuality "1"]

1. e4 e6 2. d4 d5 3. Nc3 Nf6 4. exd5 exd5 5. Bg5 Be7 6. Bd3 0-0 7. Nf3 Bg4 8. h3 Bh5 9. Qe2 c6 10. g4 Bg6 11. 0-0-0 Re8 12. Rde1 Nbd7 13. Qd2 b5 14. Ne5 Nxe5 15. dxe5 Nd7 16. Bxe7 Rxe7 17. f4 Bxd3 18. Qxd3 b4 19. Ne2 Nc5 20. Qe3 Qb6 21. Nd4 Ne6 22. Nxe6 Qxe3+ 23. Rxe3 fxe6 24. Kd2 c5 25. Rf1 Rf8 26. Kd3 a5 27. Ref3 g6 28. b3 a4 29. h4 a3 30. Re1 Rc7 31. Ke3 c4 32. Kd2 Rfc8 33. h5 cxb3 34. Rxb3 Rc4 35. Ke3 Re4+ 36. Kf2 Rxf4+ 37. Kg3 Rcc4 38. hxg6 Rxg4+ 39. Kh3 hxg6 0-1

[Event "ROM-ch U14"]
[Site "Calimanesti"]
[Date "2013.04.07"]
[Round "8"]
[White "Nistor, Stefan"]
[Black "Sandu, Marian Catalin"]
[Result "1/2-1/2"]
[WhiteElo "1693"]
[BlackElo "1820"]
[PlyCount "86"]
[EventDate "2013.04.02"]
[EventType "swiss"]
[EventRounds "9"]
[EventCountry "ROU"]
[SourceTitle "CBM 153 Extra"]
[Source "ChessBase"]
[SourceDate "2013.04.22"]
[SourceVersion "1"]
[SourceVersionDate "2013.04.22"]
[SourceQuality "1"]

1. d4 d5 2. c4 e6 3. Nc3 Nf6 4. Nf3 Be7 5. e3 0-0 6. Be2 dxc4 7. Bxc4 b6 8. 0-0 Bb7 9. Re1 c5 10. Ne5 Nbd7 11. a4 Rc8 12. Ba2 Qc7 13. Nb5 Qb8 14. Nxd7 Nxd7 15. d5 exd5 16. Bxd5 Bxd5 17. Qxd5 Nf6 18. Qf3 a6 19. Nc3 Rfe8 20. e4 Bd6 21. h3 Re6 22. Bg5 Rce8 23. Re2 h6 24. Bd2 Qb7 25. Rae1 b5 26. axb5 axb5 27. Qd3 c4 28. Qc2 b4 29. Nd1 Rxe4 30. Rxe4 Rxe4 31. Ne3 Qb5 32. Rc1 b3 33. Qc3 Be5 34. Qb4 Qxb4 35. Bxb4 Bxb2 36. Rxc4 Rxc4 37. Nxc4 Bc1 38. Bc3 Ne4 39. Bb2 Bxb2 40. Nxb2 Kf8 41. Kf1 Ke7 42. g3 Kd6 43. Ke2 Kc5 1/2-1/2

[Event "EU-ch U12"]
[Site "Prague"]
[Date "2012.08.18"]
[Round "2"]
[White "Martirosyan, Haik M"]
[Black "Sandu, Marian Catalin"]
[Result "1-0"]
[WhiteElo "2019"]
[BlackElo "1815"]
[PlyCount "39"]
[EventDate "2012.08.17"]
[EventType "swiss"]
[EventRounds "9"]
[EventCountry "CZE"]
[SourceTitle "CBM 150 Extra"]
[Source "ChessBase"]
[SourceDate "2012.10.19"]
[SourceVersion "1"]
[SourceVersionDate "2012.10.19"]
[SourceQuality "1"]

1. d4 Nf6 2. c4 e5 3. dxe5 Ng4 4. Bf4 Nc6 5. Nf3 Bb4+ 6. Nc3 Bxc3+ 7. bxc3 Qe7 8. Qd5 f6 9. exf6 Nxf6 10. Qd3 d6 11. g3 Be6 12. Bg2 0-0-0 13. 0-0 Ne5 14. Bxe5 dxe5 15. Qe3 Bxc4 16. Qxa7 e4 17. Nd4 Be6 18. Rab1 Nd5 19. Qxb7+ Kd7 20. Qc6+ 1-0

[Event "EU Union-ch U12 10th"]
[Site "Mureck"]
[Date "2012.08.08"]
[Round "8"]
[White "Radeva, Viktoria"]
[Black "Sandu, Marian Catalin"]
[Result "1/2-1/2"]
[WhiteElo "1767"]
[BlackElo "1815"]
[PlyCount "110"]
[EventDate "2012.08.01"]
[EventType "swiss"]
[EventRounds "9"]
[EventCountry "AUT"]
[SourceTitle "EXT 2013"]
[Source "ChessBase"]
[SourceDate "2012.11.22"]
[SourceVersion "1"]
[SourceVersionDate "2012.11.22"]
[SourceQuality "1"]

1. Nf3 d5 2. g3 c5 3. Bg2 Nc6 4. d3 e6 5. 0-0 Nf6 6. Nbd2 Be7 7. e4 0-0 8. e5 Nd7 9. Re1 b6 10. Nf1 Bb7 11. h4 Re8 12. Bf4 f6 13. exf6 Bxf6 14. c3 e5 15. Bd2 h6 16. Ne3 d4 17. Nc4 Qc7 18. Qb3 Kh8 19. g4 Bd8 20. g5 hxg5 21. hxg5 g6 22. Na3 Kg7 23. cxd4 Nxd4 24. Nxd4 Bxg2 25. Ne6+ Rxe6 26. Qxe6 Qc6 27. Qxc6 Bxc6 28. Nc4 Bc7 29. Bc3 Rh8 30. f4 Kf7 31. Nxe5+ Nxe5 32. fxe5 Ke6 33. b4 Bd8 34. bxc5 bxc5 35. Kf2 Rh2+ 36. Kg3 Rg2+ 37. Kh3 Rxg5 38. Rg1 Rh5+ 39. Kg4 Rh4+ 40. Kg3 g5 41. Rad1 g4 42. d4 Rh3+ 43. Kxg4 Rxc3 44. Kf4 Rf3+ 45. Kg4 Re3 46. dxc5 Bc7 47. Rde1 Rxe5 48. Rxe5+ Bxe5 49. Rd1 a5 50. Kg5 a4 51. Kg4 a3 52. Rd3 Bb2 53. Rd6+ Ke5 54. Rxc6 Kd5 55. Rc8 Bd4 1/2-1/2

[Event "EU Union-ch U12 10th"]
[Site "Mureck"]
[Date "2012.08.05"]
[Round "5"]
[White "Sandu, Marian Catalin"]
[Black "Slade, Theodore"]
[Result "0-1"]
[WhiteElo "1815"]
[BlackElo "1732"]
[PlyCount "78"]
[EventDate "2012.08.01"]
[EventType "swiss"]
[EventRounds "9"]
[EventCountry "AUT"]
[SourceTitle "EXT 2013"]
[Source "ChessBase"]
[SourceDate "2012.11.22"]
[SourceVersion "1"]
[SourceVersionDate "2012.11.22"]
[SourceQuality "1"]

1. d4 e6 2. c4 d5 3. Nc3 c5 4. cxd5 exd5 5. Nf3 Nc6 6. e3 Nf6 7. Be2 Be7 8. 0-0 0-0 9. b3 Bg4 10. dxc5 Bxc5 11. Bb2 Re8 12. Na4 Be7 13. h3 Be6 14. Rc1 Ne4 15. Nd4 Bd6 16. Nxe6 Rxe6 17. Bf3 Qg5 18. Nc3 Qe5 19. Re1 Qh2+ 20. Kf1 Bb4 21. a3 Nxc3 22. Bxc3 Bxa3 23. Ra1 d4 24. Bxc6 dxc3 25. Bxb7 Rd6 26. Bxa8 Rd2 27. Qxd2 cxd2 28. Red1 Bb4 29. Ke2 Qb8 30. Bd5 Qb5+ 31. Bc4 Qh5+ 32. Kf1 a5 33. Rab1 Kf8 34. f3 Qg5 35. Rb2 Qxe3 36. Rbxd2 Bxd2 37. Be2 f6 38. Bc4 Bc3 39. h4 Bd4 0-1

[Event "EU Union-ch U12 10th"]
[Site "Mureck"]
[Date "2012.08.03"]
[Round "3"]
[White "Sandu, Marian Catalin"]
[Black "Vykouk, Jan"]
[Result "1/2-1/2"]
[WhiteElo "1815"]
[BlackElo "1966"]
[PlyCount "74"]
[EventDate "2012.08.01"]
[EventType "swiss"]
[EventRounds "9"]
[EventCountry "AUT"]
[SourceTitle "EXT 2013"]
[Source "ChessBase"]
[SourceDate "2012.11.22"]
[SourceVersion "1"]
[SourceVersionDate "2012.11.22"]
[SourceQuality "1"]

1. d4 d5 2. c4 e6 3. Nc3 Nf6 4. Bg5 Be7 5. Nf3 0-0 6. e3 c6 7. Bd3 Nbd7 8. 0-0 dxc4 9. Bxc4 Nd5 10. Bxe7 Qxe7 11. e4 Nxc3 12. bxc3 Rd8 13. Qc2 b5 14. Bd3 Bb7 15. Rfe1 e5 16. Rad1 a6 17. h3 Rac8 18. Qb2 c5 19. d5 Nb6 20. c4 Nd7 21. cxb5 c4 22. bxa6 Bxa6 23. Bf1 c3 24. Qc2 Bxf1 25. Kxf1 Nb6 26. Re3 Qc7 27. Rc1 f5 28. Rxc3 Qxc3 29. Qxc3 Rxc3 30. Rxc3 fxe4 31. Nxe5 Rxd5 32. Rb3 Rxe5 33. Rxb6 Ra5 34. Rb2 Ra3 35. Ke2 Kf7 36. Kd2 Ke6 37. Kc2 Kd5 1/2-1/2

[Event "World School-ch U13 8th"]
[Site "Iasi"]
[Date "2012.05.05"]
[Round "8"]
[White "Tiron, Calin Andrei"]
[Black "Sandu, Marian Catalin"]
[Result "0-1"]
[WhiteElo "1869"]
[BlackElo "1755"]
[PlyCount "98"]
[EventDate "2012.04.28"]
[EventType "swiss"]
[EventRounds "9"]
[EventCountry "ROU"]
[SourceTitle "EXT 2013"]
[Source "ChessBase"]
[SourceDate "2012.11.22"]
[SourceVersion "1"]
[SourceVersionDate "2012.11.22"]
[SourceQuality "1"]

1. e4 e6 2. d4 d5 3. Nc3 Nf6 4. e5 Nfd7 5. f4 c5 6. Nf3 Nc6 7. Be3 Be7 8. Qd2 a6 9. g3 b5 10. a3 Bb7 11. Bg2 Nb6 12. Ne2 c4 13. 0-0 g6 14. g4 Qd7 15. Ng3 0-0-0 16. f5 gxf5 17. gxf5 Rdg8 18. Ng5 c3 19. bxc3 Nc4 20. Qc1 Nxe3 21. Nxf7 Nxf1 22. fxe6 Qxe6 23. Qxf1 Kb8 24. Bh3 Qg6 25. Nxh8 Qxc2 26. Re1 Qd2 27. Nf7 Bxa3 28. Rd1 Qxc3 29. Kh1 Ka7 30. Rd3 Qc1 31. Qxc1 Bxc1 32. Nd6 Ne7 33. Rf3 Rg7 34. Ngf5 Nxf5 35. Nxf5 Rc7 36. e6 Bg5 37. Rg3 h6 38. Bg4 a5 39. h3 Bf6 40. Re3 a4 41. e7 Bxe7 42. Nxe7 Kb6 43. Kg2 a3 44. Nf5 a2 45. Re1 Rc3 46. Ra1 Rc2+ 47. Kg3 b4 48. Bf3 b3 49. h4 b2 0-1

[Event "World School-ch U13 8th"]
[Site "Iasi"]
[Date "2012.05.02"]
[Round "5"]
[White "Sandu, Marian Catalin"]
[Black "Tumanov, Dmitri"]
[Result "1-0"]
[WhiteElo "1755"]
[BlackElo "1923"]
[PlyCount "45"]
[EventDate "2012.04.28"]
[EventType "swiss"]
[EventRounds "9"]
[EventCountry "ROU"]
[SourceTitle "EXT 2013"]
[Source "ChessBase"]
[SourceDate "2012.11.22"]
[SourceVersion "1"]
[SourceVersionDate "2012.11.22"]
[SourceQuality "1"]

1. d4 f5 2. c4 e6 3. Nc3 Nf6 4. Nf3 Be7 5. Bf4 d6 6. e3 0-0 7. Bd3 Nfd7 8. h4 Bf6 9. Ng5 Bxg5 10. Bxg5 Nf6 11. Qb3 h6 12. Bxf6 Qxf6 13. 0-0-0 c6 14. f3 a6 15. Qa3 d5 16. cxd5 exd5 17. Kb1 b5 18. g4 g5 19. Qc5 Nd7 20. Nxd5 Qe6 21. Ne7+ Kf7 22. Qxc6 Kxe7 23. Qxa8 1-0